000
00211nam a2200097Ia 4500
001
655159
005
20250826154531.0
008
250824s9999 xx 000 0 und d
245
0
_a
Gam
_c
Hakan Yel
260
_b
ALTIN
999
_c
655159
_d
655159